000 00343 a2200169 4500
001 187692
020 _a85-08-08388-2
040 _cMagnum
100 _aFurnari, Eva
240 1 0 _aO circo da lua
_lpor
245 1 0 _aO circo da lua
300 _a32
362 0 _a2006
440 1 _aÁtica
697 _aLITERATURA INFANTIL
942 _cBK
999 _c187692
_d187692